000 01038 a2200217 4500
001 62632
005 20260407155919.0
008 260407a1988 arg spa d
003 AR-UNSa-BCEJYS
040 _aAR-UNSa-BCEJYS
_bspa
_cAR-UNSa-BCEJYS
080 _a336.02
_xPolítica financiera. Política fiscal
245 1 0 _aPolítica fiscal y dinero
020 _a978-950-14-0432-6
264 1 _aBuenos Aires :
_bEdiciones Depalma
_c1988
300 _axiii, 233 p.
_c23 cm.
505 _a1. El estudio preliminar – 2. De disquisiciones sobre política fiscal, sector público y presupuesto – 3. De la política fiscal y el dinero – 4. Del presupuesto – 5. De los efectos monetarios de la gestión presupuestaria – 6. De la estabilidad monetaria y del equilibrio económico general – 7. De algunas experiencias fiscales y monetarias significativas – 8. De los sistemas de política fiscal intervencionista
041 _aspa
942 _cBK
590 _aniveau_biblio:m niveau_hierar:0
100 1 _aLascano, Marcelo Ramón
999 _c7732
_d7732